| 000 | 00778nam a22002057a 4500 | ||
|---|---|---|---|
| 005 | 20180217113453.0 | ||
| 010 | _aB-689578 | ||
| 020 |
_a9789351438908 _c595.00 |
||
| 035 | _aB-689578 | ||
| 037 |
_adpl _bKKP |
||
| 082 | _a346.540488 | ||
| 100 | _aArora, Manish | ||
| 245 |
_aGuide to trade marks law / _cby Manish Arora |
||
| 250 | _a3rd ed | ||
| 260 |
_aDelhi _bUniversal Law Publishing _c2016 |
||
| 270 |
_aLexisNexis, 14th Floor, Building No.10, DLF Cyber City, Phase-II _bGurgaon _e122002 |
||
| 300 |
_axv,500p. _c23cm(pbk) |
||
| 942 |
_2ddc _cEN _mARO _h346.540488 |
||
| 999 |
_c150001 _d150001 |
||